Tvärbanan - Statistics

General Stats
  • This quiz has been taken 56 times
  • The average score is 17 of 28
Answer Stats
Answer % Correct
Sickla
90%
Gullmarsplan
87%
Liljeholmen
82%
Luma
82%
Globen
79%
Alvik
77%
Årstaberg
77%
Sickla kaj
77%
Solna Centrum
74%
Trekanten
74%
Mårtensdal
69%
Sickla udde
69%
Solna Station
69%
Gröndal
67%
Stora Essingen
64%
Årstadal
59%
Bromma Blocks
56%
Linde
56%
Bromma Flygplats
54%
Årstafältet
51%
Valla torg
51%
Alviks Strand
49%
Solna Business Park
49%
Bällsta bro
46%
Johannesfred
41%
Karlsbodavägen
41%
Norra Ulvsunda
38%
Syndbyberg
0%
No matching quizzes found
Score Distribution
Percent of People with Each Score
Percentile by Number Answered
Your Score History
You have not taken this quiz